Cleavages in Interwar Czechoslovak Republic

Politologická teória štiepenia (cleavage theory) Steina Rokkana a jej aplikácia na medzivojnovú Československú republiku (Prvá česko-slovenská republika), najmä z pohľadu slovenských medzivojnových politických strán, s poukázaním na potrebné teórie, ktoré sú dôležité pri definovaní štiepenia v danej...

Full description

Saved in:
Bibliographic Details
Main Author: Csányi, Peter, 1978-
Format: Book Chapter
Language:English
Subjects:
Tags: Add Tag
No Tags, Be the first to tag this record!

MARC

LEADER 00000naa a2200000 4500
001 0282494
005 20240502074405.6
041 0 |a eng 
044 |a SK 
245 1 0 |a Cleavages in Interwar Czechoslovak Republic  |c Peter Csányi 
520 |a Politologická teória štiepenia (cleavage theory) Steina Rokkana a jej aplikácia na medzivojnovú Československú republiku (Prvá česko-slovenská republika), najmä z pohľadu slovenských medzivojnových politických strán, s poukázaním na potrebné teórie, ktoré sú dôležité pri definovaní štiepenia v danej krajine. Relevantné štiepenia, ktoré sú charakteristické pre medzivojnovú Československú republiku, so snahou o poskytnutie prehľadnejšieho obrazu o situácii v krajine z hľadiska straníckeho systému a politických strán. 
610 2 0 |a politológia 
610 2 0 |a Československo 
610 2 0 |a vývoj politický 
610 2 0 |a situácia politická 
610 2 0 |a strany politické 
610 2 0 |a história 
610 2 0 |a dejiny 
610 2 0 |a teórie politické 
610 2 0 |a Slovensko 
610 2 0 |a Česko 
100 1 |a Csányi, Peter, 1978-